00563 2200205 4500245007600000020002200076250001700098100002800115700002500143700001700168700001500185650002300200650001500223005001900238260003700257041001400294084001100308300002900319336000900348 aAkuntansi Keuangan b : Jilid 2 Edisi 8cT. Harrison Jr., WalterhText a978-302-241-093-5 aJil. 2 Ed. 8 aT. Harrison Jr., Walter aT. Horngren, Charles aSuryadi Saat aGina Gania aAkuntansi Keuangan aEdisi IFRS a20230307141552 aJakartabPenerbit Erlanggac2013 aIndonesia a657.45 axxxiv, 338 hlm. :cilus. atext